Top 50 Strongest Countries - Statistics

General Stats
  • This quiz has been taken 53 times
  • The average score is 42 of 50
Answer Stats
Answer % Correct
United States
100%
China
98%
France
98%
Germany
98%
Japan
98%
Russia
98%
United Kingdom
98%
North Korea
95%
Spain
95%
Brazil
93%
Canada
93%
Greece
93%
India
93%
Iran
93%
Italy
93%
Mexico
93%
South Korea
93%
Australia
90%
Egypt
90%
Poland
90%
Portugal
90%
Turkey
90%
Sweden
88%
Argentina
85%
Israel
85%
Norway
85%
Saudi Arabia
85%
South Africa
85%
Vietnam
85%
Indonesia
83%
Netherlands
83%
Ukraine
83%
Chile
80%
Colombia
80%
Finland
80%
Iraq
80%
Pakistan
80%
Peru
80%
Thailand
78%
Denmark
75%
Malaysia
73%
Nigeria
73%
Venezuela
73%
Switzerland
70%
Algeria
68%
Taiwan
63%
Bangladesh
60%
Philippines
60%
Myanmar
58%
Singapore
45%
No matching quizzes found
Score Distribution
Percent of People with Each Score
Percentile by Number Answered
Your Score History
You have not taken this quiz